ABC hoofdsteden quiz - vul de hoofdsteden in - Statistieken

Algemene statistieken
  • Deze quiz is 18 keer genomen
  • De gemiddelde score is 10 van 24
Antwoordstatistieken
Hint Antwoord % Correct
A Amsterdam
94%
L Londen
69%
M Madrid
69%
P Parijs
69%
R Rome
63%
O Oslo
56%
H Helsinki
50%
K Kopenhagen
50%
W Wenen
50%
B Boedapest
44%
D Dublin
44%
S Stockholm
44%
T Tallinn
44%
Z Zagreb
44%
C Chisinau‎
38%
Q Quito
38%
U Ulaanbaatar‎
31%
N Nicosia
25%
V Valletta
25%
F Freetown
19%
I Islamabad
19%
J Jeruzalem
19%
Y Yaoundé‎
13%
G Guatemala-Stad‎
6%
Geen overeenkomende quizzen gevonden
Scoreverdeling
Procent van Mensen met Elke Score
Percentiel versus Aantal Correcte Antwoorden
Uw Scoregeschiedenis
U heeft deze quiz nog niet genomen